NBA Top 250 Points Leaders - Statistics

General Stats
  • This quiz has been taken 45 times
  • The average score is 149 of 250
Answer Stats
Rank Player PTS % Correct
19 Stephen Curry 26447
100%
201 David West 14034
97%
27 Jerry West 25192
97%
2 Kareem Abdul-Jabbar 38387
97%
3 Karl Malone 36928
97%
6 Kevin Durant 31927
97%
109 Klay Thompson 17114
97%
4 Kobe Bryant 33643
97%
1 LeBron James 42988
97%
89 Magic Johnson 17707
97%
12 Moses Malone 27409
97%
99 Nikola Jokić 17383
97%
178 Bill Russell 14522
94%
Josh Smith 12996
94%
76 Kyrie Irving 18433
94%
5 Michael Jordan 32292
94%
126 Randy Smith 16262
94%
14 Russell Westbrook 27013
94%
10 Shaquille O'Neal 28596
94%
18 Tim Duncan 26496
94%
8 Wilt Chamberlain 31419
94%
22 DeMar DeRozan 26372
91%
150 Dennis Johnson 15535
91%
7 Dirk Nowitzki 31560
91%
63 Eddie Johnson 19202
91%
42 Giannis Antetokounmpo 21377
91%
9 James Harden 28897
91%
105 Jeff Malone 17231
91%
50 Joe Johnson 20407
91%
135 Kawhi Leonard 15930
91%
230 Kevin Johnson 13127
91%
40 Larry Bird 21791
91%
208 Marques Johnson 13892
91%
248 Mickey Johnson 12748
91%
243 Mychal Thompson 12810
91%
220 Steve Smith 13430
91%
61 Anthony Davis 19385
89%
218 Baron Davis 13447
89%
34 Dwyane Wade 23165
89%
15 Hakeem Olajuwon 26946
89%
79 Julius Erving 18364
89%
58 Tony Parker 19473
89%
56 Walter Davis 19521
89%
11 Carmelo Anthony 28289
86%
36 Chris Paul 23058
86%
37 Damian Lillard 22598
86%
184 Jeff Green 14454
86%
224 Joel Embiid 13348
86%
200 Manu Ginóbili 14043
86%
65 Paul George 19128
86%
31 Charles Barkley 23757
83%
57 Dwight Howard 19485
83%
127 Juwan Howard 16159
83%
191 Luka Dončić 14295
83%
29 Ray Allen 24505
83%
124 Andre Miller 16278
80%
55 Clifford Robinson 19591
80%
46 David Robinson 20790
80%
202 Fred Brown 14018
80%
192 Glenn Robinson 14234
80%
71 Isiah Thomas 18822
80%
23 Kevin Garnett 26071
80%
121 Kyle Lowry 16368
80%
20 Paul Pierce 26397
80%
26 Reggie Miller 25279
80%
182 Ricky Pierce 14467
80%
68 Scottie Pippen 18940
80%
98 Steve Nash 17387
80%
194 Thaddeus Young 14225
80%
106 Chris Bosh 17189
77%
95 Devin Booker 17540
77%
17 Dominique Wilkins 26668
77%
197 Gus Williams 14093
77%
238 Jaylen Brown 12894
77%
225 Jermaine O'Neal 13309
77%
87 Lenny Wilkens 17772
77%
242 Shai Gilgeous-Alexander 12852
77%
24 Vince Carter 25728
77%
207 Bob Love 13895
74%
113 Buck Williams 16784
74%
210 Deron Williams 13804
74%
167 Donovan Mitchell 14847
74%
212 Jayson Tatum 13784
74%
144 Kevin Love 15629
74%
145 Lou Williams 15593
74%
161 Mike Mitchell 15016
74%
16 Oscar Robertson 26710
74%
28 Patrick Ewing 24815
74%
44 Pau Gasol 20894
74%
131 Amar'e Stoudemire 15994
71%
142 Antoine Walker 15647
71%
110 Bob Cousy 16960
71%
45 Bob Pettit 20880
71%
70 Chet Walker 18831
71%
85 Chris Mullin 17911
71%
196 Eddie Jones 14155
71%
13 Elvin Hayes 27313
71%
47 George Gervin 20708
71%
96 Jason Kidd 17529
71%
180 Kemba Walker 14486
71%
152 Sam Jones 15411
71%
25 Alex English 25613
69%
179 Blake Griffin 14513
69%
38 Clyde Drexler 22195
69%
35 Elgin Baylor 23149
69%
53 John Stockton 19711
69%
134 Karl-Anthony Towns 15936
69%
77 Rick Barry 18395
69%
155 Shawn Kemp 15347
69%
78 Tracy McGrady 18381
69%
107 Chris Webber 17182
66%
39 Gary Payton 21813
66%
228 Jalen Rose 13220
66%
122 James Worthy 16320
66%
21 John Havlicek 26395
66%
100 Kevin McHale 17335
66%
Rasheed Wallace 16006
66%
30 Allen Iverson 24368
63%
190 Alonzo Mourning 14311
63%
137 Chauncey Billups 15802
63%
108 Grant Hill 17137
63%
116 Jimmy Butler 16658
63%
235 Stephen Jackson 12976
63%
86 Brook Lopez 17861
60%
165 James Edwards 14862
60%
120 Joe Dumars 16401
60%
187 Jo Jo White 14399
60%
213 Peja Stojaković 13647
60%
32 Robert Parish 23334
60%
153 Tim Hardaway 15373
60%
147 Walt Frazier 15581
60%
204 Andre Iguodala 13968
57%
72 Bob McAdoo 18787
57%
67 Dale Ellis 19004
57%
111 Jrue Holiday 16865
57%
231 Metta World Peace 13058
57%
90 Shawn Marion 17700
57%
73 Zach Randolph 18578
57%
163 Al Horford 14968
54%
101 Bradley Beal 17306
54%
233 Horace Grant 12996
54%
69 Jason Terry 18881
54%
226 Khris Middleton 13291
54%
48 LaMarcus Aldridge 20558
54%
115 Mike Conley 16665
54%
166 Monta Ellis 14858
54%
133 Pete Maravich 15948
54%
189 Zach LaVine 14338
54%
188 Al Jefferson 14343
51%
214 Billy Cunningham 13626
51%
246 DeMarcus Cousins 12802
51%
112 Elton Brand 16827
51%
80 Glen Rice 18336
51%
169 Mike Bibby 14698
51%
164 Richard Jefferson 14904
51%
123 Stephon Marbury 16297
51%
52 Antawn Jamison 20042
49%
148 Artis Gilmore 15579
49%
54 Bernard King 19655
49%
236 Bob Boozer 12964
49%
203 Carlos Boozer 13976
49%
118 CJ McCollum 16414
49%
217 Dave Cowens 13516
49%
195 Eric Gordon 14167
49%
60 Jamal Crawford 19419
49%
139 Richard Hamilton 15708
49%
146 Terry Porter 15586
49%
162 Andrew Wiggins 15007
46%
211 Bill Laimbeer 13790
46%
129 Derek Harper 16006
46%
75 Dolph Schayes 18438
46%
172 Jason Richardson 14644
46%
104 Kevin Willis 17253
46%
49 Mitch Richmond 20497
46%
185 Nate Thurmond 14437
46%
128 Tobias Harris 16130
46%
33 Adrian Dantley 23177
43%
62 Bob Lanier 19248
43%
158 Byron Scott 15097
43%
41 Hal Greer 21586
43%
186 Harrison Barnes 14401
43%
114 Latrell Sprewell 16712
43%
177 Paul Millsap 14536
43%
Rashard Lewis 15579
43%
Ron Harper 13910
43%
97 Earl Monroe 17454
40%
64 Gail Goodrich 19181
40%
74 Mark Aguirre 18458
40%
94 Nikola Vučević 17579
40%
143 Sam Cassell 15635
40%
117 Tiny Archibald 16481
40%
221 Vlade Divac 13398
40%
176 Allan Houston 14551
37%
168 Julius Randle 14781
37%
247 Lamar Odom 12781
37%
Michael Finley 17306
37%
125 Paul Arizin 16266
37%
91 Rudy Gay 17642
37%
205 Alvan Adams 13910
34%
198 Dave DeBusschere 14053
34%
Jerry Lucas 14053
34%
119 Jerry Stackhouse 16409
34%
132 Kiki Vandeweghe 15980
34%
140 Larry Nance 15687
34%
223 Luol Deng 13361
34%
241 Rik Smits 12871
34%
81 Dave Bing 18327
31%
138 Detlef Schrempf 15761
31%
141 Jeff Hornacek 15659
31%
156 Sam Perkins 15324
31%
43 Walt Bellamy 20941
31%
250 Bill Cartwright 12713
29%
83 Calvin Murphy 17949
29%
229 Corey Maggette 13198
29%
171 Dan Issel 14659
29%
103 Jack Sikma 17287
29%
93 Otis Thorpe 17600
29%
244 Paul Westphal 12809
29%
92 Rolando Blackman 17623
29%
222 Rudy Tomjanovich 13383
29%
59 Terry Cummings 19460
29%
51 Tom Chambers 20049
29%
82 World B. Free 17955
29%
181 Hersey Hawkins 14470
26%
84 Lou Hudson 17940
26%
66 Reggie Theus 19015
26%
151 Bob Dandridge 15530
23%
136 Jack Twyman 15840
23%
Jamaal Wilkes 14644
23%
160 Shareef Abdur-Rahim 15028
23%
227 Al Harrington 13237
20%
Cliff Hagan 13447
20%
239 Derrick Coleman 12884
20%
232 Jeff Mullins 13017
20%
175 Spencer Haywood 14592
20%
159 Dick Van Arsdale 15079
17%
237 Kendall Gill 12914
17%
174 Purvis Short 14607
17%
170 Richie Guerin 14676
17%
88 Bailey Howell 17770
14%
215 Orlando Woolridge 13623
14%
183 Rod Strickland 14463
14%
193 Tom Van Arsdale 14232
14%
216 Xavier McDaniel 13606
14%
209 Chuck Person 13858
11%
240 Wayman Tisdale 12878
11%
154 Dick Barnett 15358
9%
157 John Drew 15291
9%
249 Johnny Newman 12740
9%
245 Sidney Wicks 12803
9%
No matching quizzes found
Score Distribution
Percent of People with Each Score
Percentile by Number Answered
Your Score History
You have not taken this quiz